| 000 | 01084nam a22002297a 4500 | ||
|---|---|---|---|
| 005 | 20100325133726.0 | ||
| 008 | 100325t xxu||||| |||| 00| 0 hin d | ||
| 010 | _aHIN-89182 | ||
| 020 |
_a89788190237512 _c100.00 |
||
| 035 | _aHN-61528 | ||
| 037 | _bDBAD/PUB | ||
| 040 |
_aDPL _bHN |
||
| 082 | _a808.883 | ||
| 100 |
_aकोचर,उपध्यान चन्द्र _916028 |
||
| 245 |
_a कहीं खो ना जाये / _c उपध्यान चन्द्र कोचर |
||
| 246 |
_akahi kho na jaye _bUpdhyan Chandra Kochar |
||
| 260 |
_aबीकानेर _b पुस्तक मंदिर _c2009 |
||
| 270 |
_aप्रथम तल्ला,जुबली नागरी भंडार परिसर, स्टेशन रोड _bनई दिल्ली _e110002 _k30188889 |
||
| 300 |
_a88पृ. _c22सेमी (सजिल्द) |
||
| 942 |
_2ddc _cHN _mकोचर |
||
| 999 |
_c34858 _d34858 |
||